| 000 | 00541 a2200193 4500 | ||
|---|---|---|---|
| 005 | 20260209163807.0 | ||
| 008 | 260209b |||||||| |||| 00| 0 eng d | ||
| 020 |
_a9789369678389 _cRs. 4895.00 |
||
| 040 | _aMAIN | ||
| 082 |
_a320.954 _bR137C |
||
| 100 | _aRanjan, kumud | ||
| 245 | _aConstitutional government and democracy in India | ||
| 260 |
_bScientific Books International _c2026 _aNew Delhi |
||
| 300 | _a262 | ||
| 650 | _aPolitical Science | ||
| 650 | _aDemocracy-India | ||
| 650 | _aConstitutional Governance | ||
| 942 | _cBK | ||
| 999 |
_c395163 _d395163 |
||